[Event "Titled Tuesday intern op 02nd Apr Late"]
[Site "Chess.com INT"]
[Date "2024.04.02"]
[Round "4"]
[White "Akobian, Varuzhan"]
[Black "Martin Duque, Jesus"]
[Result "1-0"]
[WhiteElo "2571"]
[BlackElo "2336"]
[PlyCount "73"]
[EventDate "2024.04.02"]
[EventType "swiss (blitz)"]
[EventRounds "11"]
[EventCountry "USA"]
[SourceTitle "CB15_2024"]
[SourceDate "2024.04.10"]
[SourceVersion "1"]
[SourceVersionDate "2024.04.10"]
[SourceQuality "1"]

1. d4 Nf6 2. c4 b6 3. Nc3 Bb7 4. Nf3 g6 5. Bg5 Bg7 6. e3 0-0 7. Be2 d5 8. 0-0 dxc4 9. Bxc4 Nbd7 10. Qe2 a6 11. a4 c5 12. d5 h6 13. Bh4 b5 14. axb5 axb5 15. Rxa8 Qxa8 16. Bxb5 Bxd5 17. Nxd5 Qxd5 18. Rd1 Qe6 19. h3 Ne5 20. Nxe5 Qxe5 21. Bg3 Qe6 22. Bc4 Qb6 23. b3 Ne4 24. Qf3 Nxg3 25. Qxg3 e6 26. Qd6 Qxd6 27. Rxd6 Rb8 28. g4 Bf6 29. Rd7 h5 30. gxh5 gxh5 31. Rc7 h4 32. Rxc5 Kg7 33. Rc7 Kg6 34. Bd3+ Kg7 35. Bc4 Kg6 36. f4 Bc3 37. Bd3+ 1-0

[Event "Titled Tuesday intern op 06th Feb Late"]
[Site "Chess.com INT"]
[Date "2024.02.06"]
[Round "1"]
[White "Figorito, Nick"]
[Black "Akobian, Varuzhan"]
[Result "1/2-1/2"]
[WhiteElo "2036"]
[BlackElo "2571"]
[PlyCount "112"]
[EventDate "2024.02.06"]
[EventType "swiss (blitz)"]
[EventRounds "11"]
[EventCountry "USA"]
[SourceTitle "CB07_2024"]
[SourceDate "2024.02.14"]
[SourceVersion "1"]
[SourceVersionDate "2024.02.14"]
[SourceQuality "1"]

1. Nf3 d5 2. g3 c5 3. Bg2 Nc6 4. d4 Bg4 5. Ne5 Bh5 6. Nxc6 bxc6 7. c4 e6 8. cxd5 cxd5 9. Nc3 Nf6 10. Bg5 Rc8 11. Bxf6 gxf6 12. 0-0 f5 13. Qd2 Bg7 14. dxc5 Rxc5 15. e3 0-0 16. Rac1 Qb8 17. b3 Rfc8 18. Ne2 Bxe2 19. Rxc5 Rxc5 20. Qxe2 Qc7 21. Rd1 a5 22. h4 Be5 23. Rd2 Rc1+ 24. Kh2 Kg7 25. Qh5 h6 26. Qe2 Qc3 27. Bf3 Qa1 28. Rd1 Rxd1 29. Qxd1 Qxa2 30. Kg2 Bc3 31. Be2 Qb2 32. Bb5 Kf8 33. Ba4 Ke7 34. Qh5 Be1 35. Qf3 Qc2 36. Qf4 Qe4+ 37. Qxe4 fxe4 38. g4 Kf6 39. Kf1 Bb4 40. Kg2 Ke5 41. Be8 Kf6 42. Kg3 Ke7 43. Ba4 Bd6+ 44. Kg2 Be5 45. Kh3 Bf6 46. Kg3 e5 47. Bc6 Ke6 48. Kh3 Be7 49. Kg3 f6 50. Bb7 Bb4 51. Kh3 Kd6 52. Kg2 Bc5 53. Kg3 Bb6 54. Kg2 Bc5 55. Kg3 Ba3 56. Kg2 Bc5 1/2-1/2

[Event "Titled Tuesday intern op 06th Feb Early"]
[Site "Chess.com INT"]
[Date "2024.02.06"]
[Round "7"]
[White "Guerrero Olmos, Sergio"]
[Black "Akobian, Varuzhan"]
[Result "1-0"]
[WhiteElo "2374"]
[BlackElo "2571"]
[PlyCount "93"]
[EventDate "2024.02.06"]
[EventType "swiss (blitz)"]
[EventRounds "11"]
[EventCountry "USA"]
[SourceTitle "CB07_2024"]
[SourceDate "2024.02.14"]
[SourceVersion "1"]
[SourceVersionDate "2024.02.14"]
[SourceQuality "1"]

1. d4 e6 2. Nf3 f5 3. Bf4 Nf6 4. e3 b6 5. Be2 Bb7 6. 0-0 Be7 7. h3 0-0 8. Nbd2 Bd6 9. c4 Bxf4 10. exf4 c5 11. Re1 Qc7 12. Nb3 Ne4 13. Qc1 d6 14. Qe3 Nd7 15. Rad1 Rae8 16. Bf1 a6 17. dxc5 bxc5 18. Nbd2 Ndf6 19. Ng5 h6 20. Ngxe4 fxe4 21. g3 d5 22. cxd5 exd5 23. Rc1 Rc8 24. b4 d4 25. Qb3+ Kh8 26. Rxc5 Qd7 27. Nc4 Rxc5 28. bxc5 Bd5 29. Qb2 Bxc4 30. Bxc4 Rc8 31. Bxa6 Rxc5 32. Qb8+ Kh7 33. a4 d3 34. Bb5 Qd4 35. a5 d2 36. Rd1 e3 37. Kf1 exf2 38. a6 Ne4 39. a7 Nxg3+ 40. Kg2 f1Q+ 41. Bxf1 Nxf1 42. a8Q Ne3+ 43. Kf3 Nxd1 44. Qh8+ Kg6 45. Qae8+ Kf5 46. Qh7+ Kf6 47. Qhg6# 1-0

[Event "Chessable Masters Play In"]
[Site "Chess.com INT"]
[Date "2024.01.31"]
[Round "2"]
[White "Akobian, Varuzhan"]
[Black "Tabatabaei, Mohammad Amin"]
[Result "0-1"]
[WhiteElo "2571"]
[BlackElo "2696"]
[PlyCount "124"]
[EventDate "2024.01.31"]
[EventType "swiss (rapid)"]
[EventRounds "9"]
[EventCountry "USA"]
[SourceTitle "CB06_2024"]
[SourceDate "2024.02.07"]
[SourceVersion "1"]
[SourceVersionDate "2024.02.07"]
[SourceQuality "1"]

1. d4 Nf6 2. c4 e6 3. Nf3 d5 4. cxd5 exd5 5. Nc3 Bb4 6. Bg5 Nbd7 7. e3 c5 8. Be2 Qa5 9. 0-0 Bxc3 10. bxc3 Ne4 11. c4 0-0 12. cxd5 Nc3 13. Qc2 cxd4 14. e4 Re8 15. Bd3 Nc5 16. Bd2 Qa4 17. Qxa4 N3xa4 18. Bb1 Nxe4 19. Re1 Bf5 20. Nxd4 Nxd2 21. Bxf5 Rxe1+ 22. Rxe1 g6 23. Bc2 Nb6 24. Rd1 Ndc4 25. Bb3 Nd6 26. Kf1 Rc8 27. Ne2 a5 28. Rc1 Rxc1+ 29. Nxc1 Kg7 30. a4 Nd7 31. Nd3 b6 32. Ke2 Kf6 33. Ke3 Nc5 34. Nxc5 bxc5 35. f4 Ke7 36. Kd3 h6 37. g3 Kf6 38. Ke3 Kg7 39. Kd3 Kf8 40. Ke3 Ke8 41. Kd3 Kd7 42. Ba2 Kc7 43. Bb3 Kc8 44. Bc4 Kd7 45. Bb3 Ke8 46. Bc4 Kf8 47. Bb3 Kg7 48. Ba2 Kf6 49. Ke3 g5 50. Bb3 Kf5 51. Kf3 gxf4 52. gxf4 Kg6 53. Kg4 Kf6 54. Kf3 Ke7 55. Ke3 Nc8 56. Ke4 Nb6 57. Ke5 Nd7+ 58. Kf5 Kd6 59. h4 Nb6 60. Kf6 c4 61. Ba2 c3 62. Kxf7 c2 0-1

[Event "Titled Tuesday intern op 23rd Jan Late"]
[Site "Chess.com INT"]
[Date "2024.01.23"]
[Round "5"]
[White "Akobian, Varuzhan"]
[Black "Shimanov, Aleksandr"]
[Result "0-1"]
[WhiteElo "2571"]
[BlackElo "2578"]
[PlyCount "82"]
[EventDate "2024.01.23"]
[EventType "swiss (blitz)"]
[EventRounds "11"]
[EventCountry "USA"]
[SourceTitle "CB05_2024"]
[SourceDate "2024.01.31"]
[SourceVersion "1"]
[SourceVersionDate "2024.01.31"]
[SourceQuality "1"]

1. d4 Nf6 2. c4 d6 3. Nf3 g6 4. Nc3 Bg7 5. Bg5 Nbd7 6. e3 c6 7. Be2 0-0 8. Qc2 Qc7 9. 0-0 e5 10. Rfd1 Re8 11. Rac1 exd4 12. Nxd4 Ne5 13. b4 a5 14. a3 axb4 15. axb4 h6 16. Bh4 Nh7 17. h3 f5 18. Bg3 Nf6 19. b5 Kh7 20. Qb3 Nfd7 21. Qc2 Nc5 22. Nb3 Na4 23. Nxa4 Rxa4 24. Nd4 Rb4 25. bxc6 bxc6 26. c5 d5 27. Rb1 Rxb1 28. Rxb1 Bd7 29. Rb6 Ra8 30. Qb3 Ra1+ 31. Kh2 Ra7 32. Rb8 h5 33. Qb6 Bf6 34. Nf3 Nxf3+ 35. Bxf3 Be5 36. Bxe5 Qxe5+ 37. g3 Ra2 38. Kg2 Qxe3 39. Rh8+ Kxh8 40. Qd8+ Be8 41. Qf6+ Kh7 0-1

[Event "Titled Tuesday intern op 23rd Jan Late"]
[Site "Chess.com INT"]
[Date "2024.01.23"]
[Round "6"]
[White "Hajiyev, Kanan"]
[Black "Akobian, Varuzhan"]
[Result "1-0"]
[WhiteElo "2129"]
[BlackElo "2571"]
[PlyCount "67"]
[EventDate "2024.01.23"]
[EventType "swiss (blitz)"]
[EventRounds "11"]
[EventCountry "USA"]
[SourceTitle "CB05_2024"]
[SourceDate "2024.01.31"]
[SourceVersion "1"]
[SourceVersionDate "2024.01.31"]
[SourceQuality "1"]

1. d4 e6 2. Nf3 f5 3. g3 Nf6 4. Bg2 d5 5. 0-0 Bd6 6. c4 c6 7. Bf4 Bxf4 8. gxf4 0-0 9. Ne5 Nbd7 10. e3 Nxe5 11. fxe5 Ne4 12. Nd2 Bd7 13. Nxe4 fxe4 14. Qg4 Qe7 15. c5 Rf5 16. f4 exf3 17. Rxf3 Rxf3 18. Bxf3 Be8 19. Rf1 Bg6 20. h4 Rf8 21. Bg2 Rxf1+ 22. Bxf1 Bf5 23. Qg5 Qxg5+ 24. hxg5 Kf7 25. Kf2 Kg6 26. b4 Kxg5 27. Kg3 h5 28. a4 h4+ 29. Kf2 Kg4 30. b5 h3 31. a5 Be4 32. a6 bxa6 33. bxc6 h2 34. Bg2 1-0

[Event "Titled Tuesday intern op 16th Jan Early"]
[Site "Chess.com INT"]
[Date "2024.01.16"]
[Round "2"]
[White "Da Silva Borges, Rodrigo"]
[Black "Akobian, Varuzhan"]
[Result "1-0"]
[WhiteElo "2168"]
[BlackElo "2571"]
[PlyCount "63"]
[EventDate "2024.01.16"]
[EventType "swiss (blitz)"]
[EventRounds "11"]
[EventCountry "USA"]
[SourceTitle "CB04_2024"]
[SourceDate "2023.10.16"]
[SourceVersion "1"]
[SourceVersionDate "2023.10.16"]
[SourceQuality "1"]

1. d4 e6 2. e4 d5 3. Nc3 Bb4 4. e5 c5 5. a3 Ba5 6. Qg4 g6 7. dxc5 Nc6 8. Nf3 d4 9. b4 Nxb4 10. axb4 Bxb4 11. Bb5+ Kf8 12. Bd2 Bxc3 13. Bxc3 dxc3 14. 0-0 Ne7 15. Qh4 h6 16. Rfd1 Qc7 17. Qf6 Rh7 18. Rd6 a6 19. Rad1 Nd5 20. Rd8+ Qxd8 21. Qxd8+ Kg7 22. Rxd5 exd5 23. Qf6+ Kg8 24. Bd3 Bg4 25. Nd4 Re8 26. h3 Bc8 27. e6 Bxe6 28. Bxg6 Rg7 29. Bf5 Bxf5 30. Nxf5 Rg6 31. Ne7+ Rxe7 32. Qxe7 1-0

[Event "Saint Louis Winter Blitz"]
[Site "Saint Louis"]
[Date "2023.12.20"]
[Round "2.4"]
[White "Akobian, Varuzhan"]
[Black "Bruzon Batista, Lazaro"]
[Result "0-1"]
[WhiteElo "2576"]
[BlackElo "2594"]
[PlyCount "77"]
[EventDate "2023.12.20"]
[EventType "schev (blitz)"]
[EventRounds "12"]
[EventCountry "USA"]
[SourceTitle "CB52_2023"]
[SourceDate "2023.12.27"]
[SourceVersion "1"]
[SourceVersionDate "2023.12.27"]
[SourceQuality "1"]
[WhiteTeam "Team B"]
[BlackTeam "Team A"]
[WhiteTeamCountry "USA"]
[BlackTeamCountry "USA"]

1. d4 Nf6 2. c4 e6 3. Nf3 Bb4+ 4. Nbd2 b6 5. a3 Bxd2+ 6. Qxd2 0-0 7. g3 Bb7 8. Bg2 d5 9. Ne5 Qc8 10. cxd5 Bxd5 11. f3 c5 12. dxc5 Qxc5 13. b4 Qe7 14. e4 Bb7 15. Bb2 Rd8 16. Qe3 Nfd7 17. Ng4 Nc6 18. 0-0 e5 19. Rfd1 Nf8 20. f4 f6 21. fxe5 Nxe5 22. Nxe5 fxe5 23. Rxd8 Rxd8 24. Rf1 Ba6 25. b5 Bc8 26. a4 Ng6 27. h4 Bg4 28. Kh2 h6 29. Rc1 Nf8 30. Qc3 Nh7 31. Qxe5 Qxe5 32. Bxe5 Rd2 33. Kg1 Nf6 34. Bc3 Re2 35. Re1 Rc2 36. Be5 Nd7 37. Bf4 Nc5 38. e5 Be6 39. Rc1 0-1

[Event "Saint Louis Winter Rapid"]
[Site "Saint Louis"]
[Date "2023.12.19"]
[Round "1.4"]
[White "Akobian, Varuzhan"]
[Black "Bruzon Batista, Lazaro"]
[Result "0-1"]
[WhiteElo "2576"]
[BlackElo "2594"]
[PlyCount "92"]
[EventDate "2023.12.19"]
[EventType "schev (rapid)"]
[EventRounds "6"]
[EventCountry "USA"]
[SourceTitle "CB52_2023"]
[SourceDate "2023.12.27"]
[SourceVersion "1"]
[SourceVersionDate "2023.12.27"]
[SourceQuality "1"]
[WhiteTeam "Team B"]
[BlackTeam "Team A"]
[WhiteTeamCountry "USA"]
[BlackTeamCountry "USA"]

1. d4 Nf6 2. c4 e6 3. Nc3 Bb4 4. e3 0-0 5. Bd2 d5 6. Nf3 b6 7. cxd5 exd5 8. Bd3 Re8 9. 0-0 Bd6 10. Nb5 Bf8 11. Qc2 c5 12. dxc5 bxc5 13. Bc3 Nbd7 14. Bf5 Qb6 15. Bxf6 Nxf6 16. Bxc8 Raxc8 17. Nc3 d4 18. Na4 Qa6 19. exd4 cxd4 20. Qd1 d3 21. Nc3 Bb4 22. Qa4 Qb6 23. Rac1 h6 24. h3 Rcd8 25. Qb3 Qa5 26. a3 Bc5 27. Qb5 Qxb5 28. Nxb5 Ne4 29. Nc3 d2 30. Rcd1 Nxc3 31. bxc3 Re2 32. a4 Rd3 33. Nd4 Bxd4 34. cxd4 Rxd4 35. Ra1 a5 36. Rfd1 Rxa4 37. Rab1 Rae4 38. f3 Re1+ 39. Kf2 Rxd1 40. Rxd1 Rd4 41. Ke3 Rd8 42. Rxd2 Rxd2 43. Kxd2 Kf8 44. Kc3 Ke7 45. Kc4 Ke6 46. Kb5 Ke5 0-1

[Event "Saint Louis Winter Rapid"]
[Site "Saint Louis"]
[Date "2023.12.19"]
[Round "3.6"]
[White "Stearman, Josiah P"]
[Black "Akobian, Varuzhan"]
[Result "1/2-1/2"]
[WhiteElo "2479"]
[BlackElo "2576"]
[PlyCount "138"]
[EventDate "2023.12.19"]
[EventType "schev (rapid)"]
[EventRounds "6"]
[EventCountry "USA"]
[SourceTitle "CB52_2023"]
[SourceDate "2023.12.27"]
[SourceVersion "1"]
[SourceVersionDate "2023.12.27"]
[SourceQuality "1"]
[WhiteTeam "Team A"]
[BlackTeam "Team B"]
[WhiteTeamCountry "USA"]
[BlackTeamCountry "USA"]

1. e4 d6 2. d4 Nf6 3. Nc3 c6 4. Nf3 Bg4 5. h3 Bh5 6. Be2 e6 7. Bg5 Be7 8. 0-0 d5 9. exd5 cxd5 10. Ne5 Bxe2 11. Nxe2 Nc6 12. c3 0-0 13. Bxf6 gxf6 14. Nd3 Kh8 15. f4 f5 16. Kh1 Rg8 17. Ng1 Rg3 18. Nf3 Qg8 19. Qe2 Qg7 20. Nde5 Rg8 21. Rf2 Nxe5 22. Nxe5 Bd6 23. Rd1 Bxe5 24. Qxe5 b5 25. a4 a6 26. axb5 axb5 27. Ra1 b4 28. Ra7 Qxe5 29. fxe5 Kg7 30. Kh2 Kf8 31. Ra8+ Ke7 32. Ra7+ Kf8 33. cxb4 Rb3 34. g4 Rg5 35. gxf5 Rxf5 36. Rxf5 exf5 37. Rd7 f4 38. Kg2 Rxb4 39. Rxd5 Rb3 40. h4 h5 41. Rd6 Rxb2+ 42. Kf3 Rh2 43. Rf6 Rxh4 44. e6 Ke7 45. exf7 Kf8 46. d5 Rh3+ 47. Kxf4 Rd3 48. d6 h4 49. Ke5 h3 50. Ke6 Re3+ 51. Kd7 h2 52. Rh6 Re2 53. Rh7 Rd2 54. Kc7 Rc2+ 55. Kd8 Rd2 56. d7 Rc2 57. Rh3 Kxf7 58. Rf3+ Kg7 59. Rf1 Rd2 60. Rc1 Kf6 61. Ke8 Re2+ 62. Kf8 Rd2 63. Ke8 Re2+ 64. Kd8 Rd2 65. Kc8 Kf5 66. d8Q Rxd8+ 67. Kxd8 Kg4 68. Rh1 Kg3 69. Rxh2 Kxh2 1/2-1/2